| 000 | 00728 a2200229 4500 | ||
|---|---|---|---|
| 999 |
_c4254 _d4254 |
||
| 010 | _aENG-86200 | ||
| 020 |
_a0070660050 _c425.00 |
||
| 020 |
_a9780070660052 _c425.00 |
||
| 035 | _aEN-69733 | ||
| 037 | _bDBAD / PUB | ||
| 082 | 1 | 4 | _a330.015195 |
| 100 | 1 | _aDamodaran N. Gujarati | |
| 245 | 1 |
_aBasic econometrics / _cby Damodaran N. Gujarati and Sangeetha |
|
| 250 | _a4th ed | ||
| 260 |
_aNew Delhi _bTata McGraw-Hill Publishing _c2007 |
||
| 270 |
_a7, West Patel Nagar _bNew Delhi _e110008 |
||
| 300 |
_axxix, 1036 p. _c24 cm. (Pbk) _eCD-ROM |
||
| 500 | _aIncludes bibliographical references and index | ||
| 650 | 0 | _aEconometrics | |
| 700 |
_aSangeetha _939142 |
||
| 942 |
_adpl _cEN _2ddc _h330.015195 _mDAM |
||